000 00979aam a2200313 i 4500
001 768714001
003 CO-MdFUSB
005 20250527122300.0
007 ta
008 250526t1999 -uk||||| |||| 00| 0 spa d
020 _a1-928980-08-2
040 _cCO-MdFUSB
041 0 _aspa
082 0 4 _223
_a248.4
_bO971t
100 1 _aOwen, John (1616-1683)
_eautor
245 1 0 _aLa tentación :
_blo que cada creyente debería saber sobre la tentación
_c/ John Owen ; Omar Ibáñez Negrete , Thomas R. Montgomery
264 1 _bPublicaciones Faro de Gracia,
_aGraham, NC., USA :
_c[1999]
264 4 _c©1999
300 _a63 páginas
336 _atexto
_btxt
_2rdacontent
337 _2rdamedia
_asin mediación
_bn
338 _2rdacarrier
_avolumen
_bnc
563 _aRústico
650 1 0 _aVida cristiana
_919
700 _aIbáñez Negrete, Omar,
_911481
_etraductor
700 _aMontgomery, Thomas R.
_911482
_etraductor
942 _cBK
945 _aElías Tolentino
999 _c40227
_d40227